Chansons Traduites Littéralement #1 - Statistiques

Statistiques générales
  • Ce quiz a été pris 159 fois
  • Le résultat moyen est 21 sur 30
Statistiques - réponses
Traduction française Artiste Titre Original % Correct
Dans Le Club 50cent In Da Club
96%
Une fois de plus Daft Punk One More Time
95%
Bats le Michael Jackson Beat It
92%
Beurre BTS Butter
92%
Le plan de Dieu Drake God's Plan
86%
Heureux Pharell Williams Happy
86%
Route de la vieille ville Lil Nas X Old Town Road
83%
Filles de Californie Katy Perry California Gurls
80%
Feux d’artifice Katy Perry Firework
79%
Pas Comme Nous Kendrick Lamar Not Like Us
77%
Je le sens venir The Weeknd, Daft Punk I Feel It Coming
76%
Bon Matin Kanye West Good Morning
71%
Rouler dans les profondeurs Adèle Rolling in the Deep
71%
Lumières aveuglantes The Weeknd Blinding Lights
70%
Plus dur, Meilleur, Plus rapide, Plus fort Daft Punk Harder, Better, Faster, Stronger
70%
Qu'est ce que t'insinues Justin Bieber What Do You Mean
68%
Suis-je en train de rêver ? Metro Boomin Am I Dreaming
66%
La chanson flemmarde Bruno Mars The Lazy Song
66%
Frappe-moi bébé encore une fois Britney Spears Baby One More Time
65%
Attirant et je le sais LMFAO Sexy And I Know It
63%
Soit chanceux Daft Punk Get Lucky
62%
Secouer IShowSpeed Shake
62%
A la prochaine Wiz Khalifa See You Again
58%
Mettre le feu à la pluie Adèle Set Fire To The Rain
57%
On ne peut pas nous retenir Macklemore, Ryan Lewis Can't Hold Us
56%
Nous allons te secouer Queen We Will Rock You
53%
Opérateur fluide Sade Smooth Operator
47%
Parfum adolescent Nirvana Smells Like Teen Spirit
44%
Lâche le comme si c'était chaud Snoop Dogg Drop It Like It's Hot
40%
Vaisseaux spatiaux Nicki Minaj Starships
36%
Aucun quiz correspondant
Distribution des résultats
% des personnes avec chaque résultat
Percentile par nombre de réponses
Votre historique - résultats
Vous n’avez pas pris ce quiz